000 01014nam0a22002531 4500
001 rc\961460
005 20260407103520.0
035 _a(NLR Aleph) 006131120
090 _a5562631
_c5562631
100 _a20041129d1982 |||y0rusy50 ca
101 0 _arus
102 _aRU
105 _aa |||||||||
200 1 _aСтруктура турбулентных течений
_eСб. науч. тр.
_fАН БССР, Ин-т тепло- и массообмена им. А.В. Лыкова
_g[Редкол.: А.А. Шланчяукас и др.]
210 _aМинск
_cИТМО
_d1982
215 _a145 с.
_cил.
_d20
320 _aБиблиогр. в конце работ
702 1 _aШланчяускас
_bА.А.
_gАнупрас Анупрович
_4340
712 0 2 _aИнститут тепло- и массообмена им. А. В. Лыкова
_cМинск
_3RU\NLR\AUTH\889932471
_9360232
801 0 _aRU
_bNLR
_gpsbo
801 1 _aRU
_bELAR
_2rusmarc
852 _aNLR
_j83-3/1176
942 _cBOOK
980 _aNB